Ako dnes dovolenkujú seniori?

Charakteristika dnešných seniorov. Seniori organizovaní v Jednote dôchodcov na Slovensku. Jednodňové autobusové výlety dotované sociálnymi oddeleniami miestnych úradov. Pobyty pre seniorov. Liečebné a wellness pobyty ponúkané Konfederáciou odborových zväzov v spolupráci so spoločnosťou Sorea. Ako je...

Full description

Saved in:
Bibliographic Details
Main Author: Capková, Alžbeta
Format: Book Chapter
Language:Slovak
Subjects:
Tags: Add Tag
No Tags, Be the first to tag this record!

MARC

LEADER 00000naa a2200000 4500
001 0247885
005 20180925144334.0
041 0 |a slo 
044 |a SK 
245 1 0 |a Ako dnes dovolenkujú seniori?  |c Alžbeta Capková 
520 |a Charakteristika dnešných seniorov. Seniori organizovaní v Jednote dôchodcov na Slovensku. Jednodňové autobusové výlety dotované sociálnymi oddeleniami miestnych úradov. Pobyty pre seniorov. Liečebné a wellness pobyty ponúkané Konfederáciou odborových zväzov v spolupráci so spoločnosťou Sorea. Ako je to v zahraničí - v Českej republike a v Maďarsku. Časopisy a portály určené seniorom. 
610 2 0 |a seniori 
610 2 0 |a dôchodcovia 
610 2 0 |a dovolenka 
610 2 0 |a ruch cestovný 
610 2 0 |a služby 
610 2 0 |a pomoc štátna 
610 2 0 |a dotácie 
610 2 0 |a organizácie 
610 2 0 |a stránky webové 
610 2 0 |a Slovensko 
610 2 0 |a Maďarsko 
610 2 0 |a Česko 
100 1 |a Capková, Alžbeta